Οι μύθοι ζώων
Αποθηκεύτηκε σε:
| Κύριος συγγραφέας: | |
|---|---|
| Μορφή: | Βιβλίο |
| Γλώσσα: | Greek |
| Δημοσίευση: |
Αθήνα :
[χ.ό.],
2002
|
| Θέματα: | |
| Ετικέτες: |
Προσθήκη ετικέτας
Δεν υπάρχουν, Καταχωρήστε ετικέτα πρώτοι!
|
MARC
| LEADER | 00000cam a2200000 i 4500 | ||
|---|---|---|---|
| 001 | 1/9657 | ||
| 008 | 100721s2002 gre d | ||
| 035 | |l 10108726 | ||
| 040 | |a GR-MY-UA |b gre |e aacr | ||
| 041 | 0 | |a gre | |
| 082 | 0 | |a 398.24 |2 (22) | |
| 100 | 1 | |a Κατσαδώρος, Γεώργιος Κ. | |
| 245 | 1 | 3 | |a Οι μύθοι ζώων |h [ανάτυπο] / |c Γεώργιος Κ. Κατσαδώρος |
| 260 | |a Αθήνα : |b [χ.ό.], |c 2002 | ||
| 300 | |a [7] σ.; |c 17 εκ. | ||
| 500 | |a Ανάτυπο του περιοδικού "Διαδρομές στο χώρο της λογοτεχνίας για παιδιά και νέους", τεύχος 7, Φθινόπωρο 2002 | ||
| 500 | |a Οι σελίδες αριθμούνται επίσης 221-227 | ||
| 650 | 0 | 0 | |a Animals |x Folklore. |
| 650 | 0 | 0 | |a Mythology in literature. |
| 650 | 0 | 0 | |a Metaphor. |
| 852 | |a INST |b RHODES |e 20100721 |h 398.24 ΚΑΤ |p 005400032773 |q 005400032773 |t BK |y 0 | ||
| 901 | |a BIBL4-2010-2 | ||
| 909 | |a Ρ |b 159959 | ||
| 970 | |a ΚΟΖΑ |b ΜΑΡΙΑ |z 2010/07/21 | ||